Formule 1 - Vainqueurs du GP de Las Vegas, États-Unis - Statistiques

Statistiques générales
  • Ce quiz a été pris 58 fois
    15 depuis la dernière actualisation
  • Le résultat moyen est 4 sur 5
Statistiques - réponses
Années Pilotes % Correct
2024 George Russell
100%
2023 Max Verstappen
100%
2025 Max Verstappen
100%
1981 Alan Jones
42%
1982 Michele Alboreto
17%
Aucun quiz correspondant
Distribution des résultats
% des personnes avec chaque résultat
Percentile par nombre de réponses
Votre historique - résultats
Vous n’avez pas pris ce quiz depuis la dernière actualisation